00641nam a22002057a 4500003001100000005001700011008004100028040003900069041000800108082001600116100001900132245008000151260003600231300001000267490002900277650001600306942000700322952009100329999001500420LK-CoMWRAF20240319110310.0240319b1990 |||||||| |||| 00| 0 eng d aLK-CoMWRAFdLK-CoMWRAFeLK-CoMWRAF aeng a340.59bZAR aZarook, A.R.M. aEssentials of Muslim marriage (of great use to legal profession and laymen) aColombo:b[Art printers],c1990 a43 p. aMuslim personal lawvIII aISLAMIC LAW cBK 00104070aMAINbMAINd2024-03-19l0o340.59 ZARpRAF5212r2024-03-19w2024-03-19yBK c4864d4864